<?xml version="1.0" encoding="UTF-8"?>
<marc:record xmlns:marc="http://www.loc.gov/MARC21/slim" type="Bibliographic">
   <marc:leader>00000nam a2200000 c 4500</marc:leader>
   <marc:controlfield tag="001">995751994</marc:controlfield>
   <marc:controlfield tag="003">DE-101</marc:controlfield>
   <marc:controlfield tag="005">20171202112028.0</marc:controlfield>
   <marc:controlfield tag="007">tu</marc:controlfield>
   <marc:controlfield tag="008">090803s2009    gw ||||| |||| 00||||ger  </marc:controlfield>
   <marc:datafield ind1=" " ind2=" " tag="015">
      <marc:subfield code="a">09,A35,2006</marc:subfield>
      <marc:subfield code="2">dnb</marc:subfield>
   </marc:datafield>
   <marc:datafield ind1="7" ind2=" " tag="016">
      <marc:subfield code="2">DE-101</marc:subfield>
      <marc:subfield code="a">995751994</marc:subfield>
   </marc:datafield>
   <marc:datafield ind1=" " ind2=" " tag="020">
      <marc:subfield code="a">9783828994447</marc:subfield>
      <marc:subfield code="c">Pp.</marc:subfield>
      <marc:subfield code="9">978-3-8289-9444-7</marc:subfield>
   </marc:datafield>
   <marc:datafield ind1=" " ind2=" " tag="035">
      <marc:subfield code="a">(DE-599)DNB995751994</marc:subfield>
   </marc:datafield>
   <marc:datafield ind1=" " ind2=" " tag="035">
      <marc:subfield code="a">(OCoLC)432317855</marc:subfield>
   </marc:datafield>
   <marc:datafield ind1=" " ind2=" " tag="040">
      <marc:subfield code="a">1239</marc:subfield>
      <marc:subfield code="b">ger</marc:subfield>
      <marc:subfield code="c">DE-101</marc:subfield>
      <marc:subfield code="d">9999</marc:subfield>
   </marc:datafield>
   <marc:datafield ind1=" " ind2=" " tag="041">
      <marc:subfield code="a">ger</marc:subfield>
   </marc:datafield>
   <marc:datafield ind1=" " ind2=" " tag="044">
      <marc:subfield code="c">XA-DE</marc:subfield>
   </marc:datafield>
   <marc:datafield ind1="7" ind2="4" tag="082">
      <marc:subfield code="a">830</marc:subfield>
      <marc:subfield code="a">B</marc:subfield>
      <marc:subfield code="q">DE-101</marc:subfield>
      <marc:subfield code="2">22sdnb</marc:subfield>
   </marc:datafield>
   <marc:datafield ind1=" " ind2=" " tag="090">
      <marc:subfield code="a">b</marc:subfield>
   </marc:datafield>
   <marc:datafield ind1="1" ind2=" " tag="100">
      <marc:subfield code="0">(DE-588)121988309</marc:subfield>
      <marc:subfield code="0">https://d-nb.info/gnd/121988309</marc:subfield>
      <marc:subfield code="0">(DE-101)121988309</marc:subfield>
      <marc:subfield code="a">Haug, Gunter</marc:subfield>
      <marc:subfield code="d">1955-</marc:subfield>
      <marc:subfield code="e">Verfasser</marc:subfield>
      <marc:subfield code="4">aut</marc:subfield>
      <marc:subfield code="2">gnd</marc:subfield>
   </marc:datafield>
   <marc:datafield ind1="1" ind2="0" tag="245">
      <marc:subfield code="a">Dieses eine Leben</marc:subfield>
      <marc:subfield code="b">aufrecht durch dunkle Zeiten</marc:subfield>
      <marc:subfield code="c">Gunter Haug</marc:subfield>
   </marc:datafield>
   <marc:datafield ind1=" " ind2="1" tag="264">
      <marc:subfield code="a">Augsburg</marc:subfield>
      <marc:subfield code="b">Weltbild</marc:subfield>
      <marc:subfield code="c">2009</marc:subfield>
   </marc:datafield>
   <marc:datafield ind1=" " ind2=" " tag="300">
      <marc:subfield code="a">471 S.</marc:subfield>
      <marc:subfield code="b">Kt.</marc:subfield>
      <marc:subfield code="c">19 cm</marc:subfield>
   </marc:datafield>
   <marc:datafield ind1=" " ind2=" " tag="336">
      <marc:subfield code="a">Text</marc:subfield>
      <marc:subfield code="b">txt</marc:subfield>
      <marc:subfield code="2">rdacontent</marc:subfield>
   </marc:datafield>
   <marc:datafield ind1=" " ind2=" " tag="337">
      <marc:subfield code="a">ohne Hilfsmittel zu benutzen</marc:subfield>
      <marc:subfield code="b">n</marc:subfield>
      <marc:subfield code="2">rdamedia</marc:subfield>
   </marc:datafield>
   <marc:datafield ind1=" " ind2=" " tag="338">
      <marc:subfield code="a">Band</marc:subfield>
      <marc:subfield code="b">nc</marc:subfield>
      <marc:subfield code="2">rdacarrier</marc:subfield>
   </marc:datafield>
   <marc:datafield ind1=" " ind2=" " tag="500">
      <marc:subfield code="a">Lizenz des Rotabene-Medienhaus, Rotenburg ob der Tauber</marc:subfield>
   </marc:datafield>
   <marc:datafield ind1=" " ind2="7" tag="648">
      <marc:subfield code="a">Geschichte 1927-1942</marc:subfield>
      <marc:subfield code="2">gnd</marc:subfield>
   </marc:datafield>
   <marc:datafield ind1=" " ind2="7" tag="648">
      <marc:subfield code="a">Geschichte 1942</marc:subfield>
      <marc:subfield code="2">gnd</marc:subfield>
   </marc:datafield>
   <marc:datafield ind1=" " ind2="7" tag="648">
      <marc:subfield code="a">Geschichte 1942-1945</marc:subfield>
      <marc:subfield code="2">gnd</marc:subfield>
   </marc:datafield>
   <marc:datafield ind1=" " ind2="7" tag="650">
      <marc:subfield code="0">(DE-588)4181914-7</marc:subfield>
      <marc:subfield code="0">https://d-nb.info/gnd/4181914-7</marc:subfield>
      <marc:subfield code="0">(DE-101)041819144</marc:subfield>
      <marc:subfield code="a">Sozialdemokrat</marc:subfield>
      <marc:subfield code="2">gnd</marc:subfield>
   </marc:datafield>
   <marc:datafield ind1=" " ind2="7" tag="650">
      <marc:subfield code="0">(DE-588)4016397-0</marc:subfield>
      <marc:subfield code="0">https://d-nb.info/gnd/4016397-0</marc:subfield>
      <marc:subfield code="0">(DE-101)040163970</marc:subfield>
      <marc:subfield code="a">Familie</marc:subfield>
      <marc:subfield code="2">gnd</marc:subfield>
   </marc:datafield>
   <marc:datafield ind1=" " ind2="7" tag="650">
      <marc:subfield code="0">(DE-588)4181914-7</marc:subfield>
      <marc:subfield code="0">https://d-nb.info/gnd/4181914-7</marc:subfield>
      <marc:subfield code="0">(DE-101)041819144</marc:subfield>
      <marc:subfield code="a">Sozialdemokrat</marc:subfield>
      <marc:subfield code="2">gnd</marc:subfield>
   </marc:datafield>
   <marc:datafield ind1=" " ind2="7" tag="650">
      <marc:subfield code="0">(DE-588)4054423-0</marc:subfield>
      <marc:subfield code="0">https://d-nb.info/gnd/4054423-0</marc:subfield>
      <marc:subfield code="0">(DE-101)040544230</marc:subfield>
      <marc:subfield code="a">Selbstmord</marc:subfield>
      <marc:subfield code="2">gnd</marc:subfield>
   </marc:datafield>
   <marc:datafield ind1=" " ind2="7" tag="650">
      <marc:subfield code="0">(DE-588)4191183-0</marc:subfield>
      <marc:subfield code="0">https://d-nb.info/gnd/4191183-0</marc:subfield>
      <marc:subfield code="0">(DE-101)041911830</marc:subfield>
      <marc:subfield code="a">Zwang</marc:subfield>
      <marc:subfield code="2">gnd</marc:subfield>
   </marc:datafield>
   <marc:datafield ind1=" " ind2="7" tag="650">
      <marc:subfield code="0">(DE-588)4066678-5</marc:subfield>
      <marc:subfield code="0">https://d-nb.info/gnd/4066678-5</marc:subfield>
      <marc:subfield code="0">(DE-101)040666786</marc:subfield>
      <marc:subfield code="a">Witwe</marc:subfield>
      <marc:subfield code="2">gnd</marc:subfield>
   </marc:datafield>
   <marc:datafield ind1=" " ind2="7" tag="650">
      <marc:subfield code="0">(DE-588)4120533-9</marc:subfield>
      <marc:subfield code="0">https://d-nb.info/gnd/4120533-9</marc:subfield>
      <marc:subfield code="0">(DE-101)041205332</marc:subfield>
      <marc:subfield code="a">Junge Familie</marc:subfield>
      <marc:subfield code="2">gnd</marc:subfield>
   </marc:datafield>
   <marc:datafield ind1=" " ind2="7" tag="651">
      <marc:subfield code="0">(DE-588)4004176-1</marc:subfield>
      <marc:subfield code="0">https://d-nb.info/gnd/4004176-1</marc:subfield>
      <marc:subfield code="0">(DE-101)04004176X</marc:subfield>
      <marc:subfield code="a">Baden-Württemberg</marc:subfield>
      <marc:subfield code="2">gnd</marc:subfield>
   </marc:datafield>
   <marc:datafield ind1=" " ind2="7" tag="651">
      <marc:subfield code="0">(DE-588)4004176-1</marc:subfield>
      <marc:subfield code="0">https://d-nb.info/gnd/4004176-1</marc:subfield>
      <marc:subfield code="0">(DE-101)04004176X</marc:subfield>
      <marc:subfield code="a">Baden-Württemberg</marc:subfield>
      <marc:subfield code="2">gnd</marc:subfield>
   </marc:datafield>
   <marc:datafield ind1=" " ind2="7" tag="651">
      <marc:subfield code="0">(DE-588)4004176-1</marc:subfield>
      <marc:subfield code="0">https://d-nb.info/gnd/4004176-1</marc:subfield>
      <marc:subfield code="0">(DE-101)04004176X</marc:subfield>
      <marc:subfield code="a">Baden-Württemberg</marc:subfield>
      <marc:subfield code="2">gnd</marc:subfield>
   </marc:datafield>
   <marc:datafield ind1=" " ind2="7" tag="655">
      <marc:subfield code="0">(DE-588)1071854844</marc:subfield>
      <marc:subfield code="0">https://d-nb.info/gnd/1071854844</marc:subfield>
      <marc:subfield code="0">(DE-101)1071854844</marc:subfield>
      <marc:subfield code="a">Fiktionale Darstellung</marc:subfield>
      <marc:subfield code="2">gnd-content</marc:subfield>
   </marc:datafield>
   <marc:datafield ind1=" " ind2="7" tag="655">
      <marc:subfield code="a">Belletristische Darstellung</marc:subfield>
      <marc:subfield code="2">gnd</marc:subfield>
   </marc:datafield>
   <marc:datafield ind1=" " ind2="7" tag="655">
      <marc:subfield code="a">Belletristische Darstellung</marc:subfield>
      <marc:subfield code="2">gnd</marc:subfield>
   </marc:datafield>
   <marc:datafield ind1=" " ind2="7" tag="655">
      <marc:subfield code="a">Belletristische Darstellung</marc:subfield>
      <marc:subfield code="2">gnd</marc:subfield>
   </marc:datafield>
   <marc:datafield ind1="0" ind2="0" tag="689">
      <marc:subfield code="0">(DE-588)4004176-1</marc:subfield>
      <marc:subfield code="0">https://d-nb.info/gnd/4004176-1</marc:subfield>
      <marc:subfield code="0">(DE-101)04004176X</marc:subfield>
      <marc:subfield code="D">g</marc:subfield>
      <marc:subfield code="a">Baden-Württemberg</marc:subfield>
   </marc:datafield>
   <marc:datafield ind1="0" ind2="1" tag="689">
      <marc:subfield code="0">(DE-588)4181914-7</marc:subfield>
      <marc:subfield code="0">https://d-nb.info/gnd/4181914-7</marc:subfield>
      <marc:subfield code="0">(DE-101)041819144</marc:subfield>
      <marc:subfield code="D">s</marc:subfield>
      <marc:subfield code="a">Sozialdemokrat</marc:subfield>
   </marc:datafield>
   <marc:datafield ind1="0" ind2="2" tag="689">
      <marc:subfield code="0">(DE-588)4016397-0</marc:subfield>
      <marc:subfield code="0">https://d-nb.info/gnd/4016397-0</marc:subfield>
      <marc:subfield code="0">(DE-101)040163970</marc:subfield>
      <marc:subfield code="D">s</marc:subfield>
      <marc:subfield code="a">Familie</marc:subfield>
   </marc:datafield>
   <marc:datafield ind1="0" ind2="3" tag="689">
      <marc:subfield code="A">z</marc:subfield>
      <marc:subfield code="a">Geschichte 1927-1942</marc:subfield>
   </marc:datafield>
   <marc:datafield ind1="0" ind2="4" tag="689">
      <marc:subfield code="A">f</marc:subfield>
      <marc:subfield code="a">Belletristische Darstellung</marc:subfield>
   </marc:datafield>
   <marc:datafield ind1="0" ind2=" " tag="689">
      <marc:subfield code="5">DE-101</marc:subfield>
      <marc:subfield code="5">DE-101</marc:subfield>
   </marc:datafield>
   <marc:datafield ind1="1" ind2="0" tag="689">
      <marc:subfield code="0">(DE-588)4004176-1</marc:subfield>
      <marc:subfield code="0">https://d-nb.info/gnd/4004176-1</marc:subfield>
      <marc:subfield code="0">(DE-101)04004176X</marc:subfield>
      <marc:subfield code="D">g</marc:subfield>
      <marc:subfield code="a">Baden-Württemberg</marc:subfield>
   </marc:datafield>
   <marc:datafield ind1="1" ind2="1" tag="689">
      <marc:subfield code="0">(DE-588)4181914-7</marc:subfield>
      <marc:subfield code="0">https://d-nb.info/gnd/4181914-7</marc:subfield>
      <marc:subfield code="0">(DE-101)041819144</marc:subfield>
      <marc:subfield code="D">s</marc:subfield>
      <marc:subfield code="a">Sozialdemokrat</marc:subfield>
   </marc:datafield>
   <marc:datafield ind1="1" ind2="2" tag="689">
      <marc:subfield code="0">(DE-588)4054423-0</marc:subfield>
      <marc:subfield code="0">https://d-nb.info/gnd/4054423-0</marc:subfield>
      <marc:subfield code="0">(DE-101)040544230</marc:subfield>
      <marc:subfield code="D">s</marc:subfield>
      <marc:subfield code="a">Selbstmord</marc:subfield>
   </marc:datafield>
   <marc:datafield ind1="1" ind2="3" tag="689">
      <marc:subfield code="0">(DE-588)4191183-0</marc:subfield>
      <marc:subfield code="0">https://d-nb.info/gnd/4191183-0</marc:subfield>
      <marc:subfield code="0">(DE-101)041911830</marc:subfield>
      <marc:subfield code="D">s</marc:subfield>
      <marc:subfield code="a">Zwang</marc:subfield>
   </marc:datafield>
   <marc:datafield ind1="1" ind2="4" tag="689">
      <marc:subfield code="A">z</marc:subfield>
      <marc:subfield code="a">Geschichte 1942</marc:subfield>
   </marc:datafield>
   <marc:datafield ind1="1" ind2="5" tag="689">
      <marc:subfield code="A">f</marc:subfield>
      <marc:subfield code="a">Belletristische Darstellung</marc:subfield>
   </marc:datafield>
   <marc:datafield ind1="1" ind2=" " tag="689">
      <marc:subfield code="5">DE-101</marc:subfield>
      <marc:subfield code="5">DE-101</marc:subfield>
   </marc:datafield>
   <marc:datafield ind1="2" ind2="0" tag="689">
      <marc:subfield code="0">(DE-588)4004176-1</marc:subfield>
      <marc:subfield code="0">https://d-nb.info/gnd/4004176-1</marc:subfield>
      <marc:subfield code="0">(DE-101)04004176X</marc:subfield>
      <marc:subfield code="D">g</marc:subfield>
      <marc:subfield code="a">Baden-Württemberg</marc:subfield>
   </marc:datafield>
   <marc:datafield ind1="2" ind2="1" tag="689">
      <marc:subfield code="0">(DE-588)4066678-5</marc:subfield>
      <marc:subfield code="0">https://d-nb.info/gnd/4066678-5</marc:subfield>
      <marc:subfield code="0">(DE-101)040666786</marc:subfield>
      <marc:subfield code="D">s</marc:subfield>
      <marc:subfield code="a">Witwe</marc:subfield>
   </marc:datafield>
   <marc:datafield ind1="2" ind2="2" tag="689">
      <marc:subfield code="0">(DE-588)4120533-9</marc:subfield>
      <marc:subfield code="0">https://d-nb.info/gnd/4120533-9</marc:subfield>
      <marc:subfield code="0">(DE-101)041205332</marc:subfield>
      <marc:subfield code="D">s</marc:subfield>
      <marc:subfield code="a">Junge Familie</marc:subfield>
   </marc:datafield>
   <marc:datafield ind1="2" ind2="3" tag="689">
      <marc:subfield code="A">z</marc:subfield>
      <marc:subfield code="a">Geschichte 1942-1945</marc:subfield>
   </marc:datafield>
   <marc:datafield ind1="2" ind2="4" tag="689">
      <marc:subfield code="A">f</marc:subfield>
      <marc:subfield code="a">Belletristische Darstellung</marc:subfield>
   </marc:datafield>
   <marc:datafield ind1="2" ind2=" " tag="689">
      <marc:subfield code="5">DE-101</marc:subfield>
      <marc:subfield code="5">DE-101</marc:subfield>
   </marc:datafield>
   <marc:datafield ind1=" " ind2=" " tag="850">
      <marc:subfield code="a">DE-101a</marc:subfield>
      <marc:subfield code="a">DE-101b</marc:subfield>
   </marc:datafield>
   <marc:datafield ind1="r" ind2=" " tag="925">
      <marc:subfield code="a">ra</marc:subfield>
   </marc:datafield>
</marc:record>
